Statistiques concernant Culture Générale - Série 241

Cliquez ici pour prendre le quiz!

Statistiques générales

  • Ce quiz a été pris 244 fois
  • Le résultat moyen est 6 sur 10

Statistiques - réponses

QuestionRéponse% Correct
Quel fleuve arrose la ville de Nantes ?La Loire
90%
Quel métal est associé au mot "âge" pour parler d'une époque prospère ?L'or
85%
Dans quelle ville se trouvent les parapluies de Jacques Demy en 1964 ?Cherbourg
78%
De quel pays était originaire l'écrivain, philosophe et homme politique Machiavel ?L'Italie
73%
Dans quelle série Gérard Klein a-t-il incarné Victor Novak ?L'Instit
53%
A quel groupe doit-on la chanson "A Hard Day's Night" en 1964 ?Les Beatles
51%
Qui est le fondateur de la chimie moderne ?Lavoisier
45%
Quel tube a révélé Axel Bauer en 1983 ?Cargo de nuit
42%
Quelle star du cinéma muet était surnommée "l'homme qui ne rit jamais" ?Buster Keaton
36%
Par quel livre se termine le Nouveau Testament ?L'Apocalypse
32%

Distribution des résultats

Percentile par nombre de réponses

% des personnes avec chaque résultat

Votre développement - résultats

Vous n’avez pas pris ce quiz